[Event "Take 5 2026.01 U1800"]
[Site "Montreal CAN"]
[Date "2026.01.09"]
[Round "1.16"]
[White "Levesque, Christopher"]
[Black "Bozkurt, Berk"]
[Result "0-1"]
[WhiteElo "915"]
[BlackElo "1321"]
[WhiteFideId "-1"]
[BlackFideId "-1"]
[PlyCount "32"]
[GameId "2267348061368374"]
[EventDate "2026.01.09"]
[EventType "swiss"]
[EventRounds "5"]
[EventCountry "CAN"]

1. e4 c6 2. d4 d5 3. Nc3 dxe4 4. Nxe4 Nf6 5. Ng3 g6 6. h3 Bg7 7. Be3 O-O 8. Nf3 Nd5 9. Bg5 h6 10. Bc4 hxg5 11. O-O g4 12. Ng5 gxh3 13. Nh5 hxg2 14. Kxg2 gxh5 15. Qxh5 Nf4+ 16. Kf3 Nxh5 0-1

[Event "Take 5 2026.01 U1800"]
[Site "Montreal CAN"]
[Date "2026.01.10"]
[Round "2.10"]
[White "Malek, Ahmadi"]
[Black "Harika, Rodolph"]
[Result "1-0"]
[WhiteElo "1629"]
[BlackElo "1334"]
[WhiteFideId "-1"]
[BlackFideId "-1"]
[PlyCount "161"]
[GameId "2267348061372472"]
[EventDate "2026.01.09"]
[EventType "swiss"]
[EventRounds "5"]
[EventCountry "CAN"]

1. e4 c5 2. c3 e6 3. d4 Nf6 4. e5 Nd5 5. Bc4 cxd4 6. Bxd5 exd5 7. cxd4 Bb4+ 8. Bd2 Bxd2+ 9. Qxd2 O-O 10. Nc3 d6 11. Nxd5 Be6 12. Nf4 dxe5 13. Nxe6 fxe6 14. dxe5 Qxd2+ 15. Kxd2 Nc6 16. Nf3 Rad8+ 17. Ke2 Nd4+ 18. Nxd4 Rxd4 19. Rhd1 Re4+ 20. Kf1 Rxe5 21. Rd7 Ref5 22. f3 Rb5 23. b3 Rc8 24. Rad1 Kf8 25. R1d2 a5 26. g3 b6 27. Rb7 Rd5 28. Rxd5 exd5 29. Rxb6 Rc1+ 30. Ke2 Rc2+ 31. Ke3 Rxa2 32. h4 Rb2 33. Rb5 Ke7 34. Kd4 Kd6 35. Rxd5+ Kc6 36. Rc5+ Kb6 37. Rc3 Ra2 38. Kc4 a4 39. bxa4 Rxa4+ 40. Kd5 Ra7 41. Rb3+ Kc7 42. Ke6 Kd8 43. Rb8+ Kc7 44. Rg8 Kc6 45. f4 Kc5 46. h5 Kd4 47. Kf5 Rf7+ 48. Kg5 Ke4 49. h6 Rf5+ 50. Kg4 g6 51. Rg7 Rh5 52. Rxh7 Kd5 53. Rh8 Ke6 54. h7 Kf6 55. f5 Rg5+ 56. Kh4 Rh5+ 57. Kg4 Rg5+ 58. Kh3 Rh5+ 59. Kg2 Kg7 60. Rg8+ Kxh7 61. Rxg6 Rxf5 62. Rb6 Kg7 63. Kh3 Rh5+ 64. Kg4 Rc5 65. Kh4 Rc1 66. g4 Rh1+ 67. Kg5 Rg1 68. Rb7+ Kf8 69. Kf6 Kg8 70. g5 Rf1+ 71. Kg6 Kf8 72. Rb8+ Ke7 73. Kg7 Rh1 74. g6 Ke6 75. Kg8 Kf6 76. g7 Rg1 77. Rb7 Kg6 78. Rb6+ Kg5 79. Kf7 Rf1+ 80. Ke7 Re1+ 81. Re6 1-0

[Event "Take 5 2026.01 U1800"]
[Site "Montreal CAN"]
[Date "2026.01.10"]
[Round "2.11"]
[White "Bozkurt, Berk"]
[Black "Gamache, Lucien"]
[Result "0-1"]
[WhiteElo "1321"]
[BlackElo "1591"]
[WhiteFideId "-1"]
[BlackFideId "-1"]
[PlyCount "104"]
[GameId "2267348061372473"]
[EventDate "2026.01.09"]
[EventType "swiss"]
[EventRounds "5"]
[EventCountry "CAN"]

1. d4 d5 2. c4 e6 3. Nc3 Nf6 4. cxd5 exd5 5. Bg5 Be7 6. Qc2 O-O 7. e3 c6 8. Bd3 Nbd7 9. Nge2 Re8 10. O-O Nf8 11. Rab1 a5 12. f3 g6 13. Kh1 Ne6 14. Bh4 Ng7 15. Rbd1 Bf5 16. e4 dxe4 17. fxe4 Nxe4 18. Bxe7 Qxe7 19. Rde1 Nxc3 20. bxc3 Bxd3 21. Qxd3 b5 22. Rf2 Qe3 23. Rf3 Qxd3 24. Rxd3 Re4 25. Kg1 Rae8 26. Kf2 Nh5 27. g3 Nf6 28. Rd2 Nd5 29. Rc1 Nb6 30. Nf4 f6 31. Rcc2 g5 32. Nd3 Nd7 33. Re2 Rxe2+ 34. Rxe2 Rxe2+ 35. Kxe2 Kf7 36. g4 Ke6 37. Nf2 f5 38. gxf5+ Kxf5 39. Kf3 h5 40. h3 c5 41. Ke3 g4 42. hxg4+ hxg4 43. Ne4 cxd4+ 44. cxd4 b4 45. Nd6+ Kg5 46. Nf7+ Kh4 47. Ne5 Nxe5 48. dxe5 Kg5 49. Ke4 g3 50. e6 Kf6 51. Kf3 a4 52. Kxg3 b3 0-1

[Event "Take 5 2026.01 U1800"]
[Site "Montreal CAN"]
[Date "2026.01.10"]
[Round "2.12"]
[White "Gauthier, Luc"]
[Black "Shayan, Yousef"]
[Result "1-0"]
[WhiteElo "1496"]
[BlackElo "1290"]
[WhiteFideId "-1"]
[BlackFideId "-1"]
[PlyCount "75"]
[GameId "2267348061376570"]
[EventDate "2026.01.09"]
[EventType "swiss"]
[EventRounds "5"]
[EventCountry "CAN"]

1. e4 e5 2. f4 d5 3. exd5 Qxd5 4. Nc3 Qa5 5. fxe5 Qxe5+ 6. Be2 Bf5 7. Nf3 Qe7 8. O-O Nc6 9. d4 O-O-O 10. Kh1 Nf6 11. d5 Nb4 12. Nd4 Bg6 13. Bg5 h6 14. Bxf6 gxf6 15. a3 Nxd5 16. Bg4+ Kb8 17. Re1 Nxc3 18. bxc3 Qd6 19. Rb1 Bg7 20. Bf3 b6 21. Nc6+ Qxc6 22. Bxc6 Rxd1 23. Rbxd1 Bf5 24. Rd2 h5 25. Red1 Kc8 26. Bd7+ Bxd7 27. Rxd7 Re8 28. Rxf7 Bf8 29. Rxf6 Bxa3 30. Rh6 Re2 31. Rxh5 Rxc2 32. Rh3 Bb2 33. g4 Rxc3 34. Rxc3 Bxc3 35. h4 b5 36. g5 c5 37. g6 Bd4 38. Rxd4 1-0

[Event "Take 5 2026.01 U1800"]
[Site "Montreal CAN"]
[Date "2026.01.10"]
[Round "2.13"]
[White "Coquilla, Konner-Virgo"]
[Black "Lebon, Guillaume"]
[Result "0-1"]
[WhiteElo "1137"]
[BlackElo "1413"]
[WhiteFideId "-1"]
[BlackFideId "-1"]
[PlyCount "120"]
[GameId "2267348061376571"]
[EventDate "2026.01.09"]
[EventType "swiss"]
[EventRounds "5"]
[EventCountry "CAN"]

1. d4 Nf6 2. c4 g6 3. Nc3 Bg7 4. e4 d6 5. Bg5 O-O 6. Qd2 c5 7. d5 Bd7 8. O-O-O Na6 9. a3 Nc7 10. f3 a6 11. a4 Qe8 12. a5 Rb8 13. h4 b5 14. h5 Nxh5 15. g4 Ng3 16. Rh2 Nxf1 17. Rxf1 f6 18. Bh6 Rf7 19. Nge2 bxc4 20. Rfh1 Nb5 21. Bxg7 Rxg7 22. Qh6 Qf7 23. Nf4 Nd4 24. Ne6 Nxe6 25. dxe6 Bxe6 26. Ne2 Rb5 27. Qd2 Rb3 28. Nc3 g5 29. Na4 Rxf3 30. Nb6 Bxg4 31. Qc2 Be6 32. Qa4 Re3 33. Qc6 Qf8 34. Qb7 Rb3 35. Qxa6 Qb8 36. Kc2 Rb4 37. Ra1 d5 38. Qa8 Qxa8 39. Nxa8 Rb7 40. a6 Ra7 41. Nb6 d4 42. Ra5 Kf7 43. Na4 Kg6 44. Nxc5 Bc8 45. Ra4 e5 46. Rxc4 Rgc7 47. b3 Bxa6 48. Nxa6 Rxc4+ 49. bxc4 Rxa6 50. Kb3 h5 51. c5 g4 52. Kc4 g3 53. Rh3 Ra3 54. c6 g2 55. Rxa3 g1=Q 56. Kd5 Qc1 57. Ra5 d3 58. Ra8 d2 59. Rg8+ Kf7 60. Rh8 d1=R# 0-1

[Event "Take 5 2026.01 U1800"]
[Site "Montreal CAN"]
[Date "2026.01.10"]
[Round "2.14"]
[White "Rebhi, Mohamed"]
[Black "Gauvin, Mathieu"]
[Result "1-0"]
[WhiteElo "1395"]
[BlackElo "1363"]
[WhiteFideId "-1"]
[BlackFideId "-1"]
[PlyCount "75"]
[GameId "2267348061376572"]
[EventDate "2026.01.09"]
[EventType "swiss"]
[EventRounds "5"]
[EventCountry "CAN"]

1. e4 e5 2. Nf3 Nc6 3. d4 exd4 4. Nxd4 Nf6 5. Bg5 Bc5 6. c3 Qe7 7. Nxc6 Qxe4+ 8. Qe2 Qxe2+ 9. Bxe2 dxc6 10. Nd2 Bf5 11. b4 Bb6 12. Nc4 Bxf2+ 13. Kxf2 Ne4+ 14. Kf3 Nxg5+ 15. Kf4 Ne4 16. Kxf5 Nxc3 17. Bf3 O-O-O 18. Rhc1 Nb5 19. Rd1 Nd4+ 20. Kf4 Rhe8 21. Kg3 f5 22. Re1 g5 23. Rxe8 Rxe8 24. Bh5 Re4 25. Rf1 Rh4 26. Bd1 f4+ 27. Kf2 Rxh2 28. Ne5 Nf5 29. Bg4 h5 30. Bxf5+ Kd8 31. Nf7+ Ke7 32. Nxg5 Kf6 33. Nf3 Rxg2+ 34. Kxg2 Kxf5 35. Rd1 Kg4 36. Rd7 h4 37. Nxh4 Kxh4 38. Kf3 1-0

[Event "Take 5 2026.01 U1800"]
[Site "Montreal CAN"]
[Date "2026.01.10"]
[Round "3.10"]
[White "Lebon, Guillaume"]
[Black "Malek, Ahmadi"]
[Result "0-1"]
[WhiteElo "1413"]
[BlackElo "1629"]
[WhiteFideId "-1"]
[BlackFideId "-1"]
[PlyCount "120"]
[GameId "2267348061380672"]
[EventDate "2026.01.09"]
[EventType "swiss"]
[EventRounds "5"]
[EventCountry "CAN"]

1. e4 c6 2. d4 d5 3. f3 e6 4. Nc3 Bd7 5. Be3 Bb4 6. Bd3 Ne7 7. Nge2 Qb6 8. a3 c5 9. axb4 c4 10. Bxc4 dxc4 11. Na2 a5 12. c3 Nbc6 13. Qd2 Qb5 14. O-O O-O 15. Rfd1 Rfd8 16. Nf4 Be8 17. d5 Ng6 18. Nh5 exd5 19. exd5 f6 20. Bh6 Nge7 21. Bxg7 Bxh5 22. Qh6 Nxd5 23. Rxd5 Rxd5 24. Re1 Qb6+ 25. Kf1 Qc7 26. Bxf6 Qf7 27. Re6 Qg6 28. Qe3 Rd1+ 29. Kf2 Qc2+ 30. Kg3 Qg6+ 31. Kf2 Re8 32. Be7 Qg7 33. Bc5 Rxe6 34. Qxe6+ Qf7 35. Qe3 Qd7 36. Qg5+ Bg6 37. b5 Qd2+ 38. Qxd2 Rxd2+ 39. Ke1 Rxb2 40. bxc6 bxc6 41. Nc1 Rxg2 42. Bd6 Bd3 43. Bg3 Rc2 44. Kd1 Kf7 45. h4 Ke6 46. Be1 a4 47. Bd2 a3 48. Ne2 c5 49. Nc1 Kd5 50. h5 Ke5 51. Be3 a2 52. Nxa2 Rxa2 53. Bxc5 Kf4 54. Bd4 Kxf3 55. h6 Ke4 56. Kc1 Bc2 57. Kd2 Bb3+ 58. Ke1 Kd3 59. Kf1 Rc2 60. Ke1 Rxc3 0-1

[Event "Take 5 2026.01 U1800"]
[Site "Montreal CAN"]
[Date "2026.01.10"]
[Round "3.11"]
[White "Gamache, Lucien"]
[Black "Gauthier, Luc"]
[Result "1-0"]
[WhiteElo "1591"]
[BlackElo "1496"]
[WhiteFideId "-1"]
[BlackFideId "-1"]
[PlyCount "53"]
[GameId "2267348061397057"]
[EventDate "2026.01.09"]
[EventType "swiss"]
[EventRounds "5"]
[EventCountry "CAN"]

1. d4 d5 2. Nd2 Nc6 3. Ngf3 Bf5 4. a3 Nf6 5. e3 a6 6. c4 e6 7. Be2 Be7 8. O-O h6 9. b4 O-O 10. Bb2 Ne4 11. Rc1 Nxd2 12. Qxd2 Bf6 13. Rfd1 Qd7 14. Ne5 Bxe5 15. dxe5 Ne7 16. cxd5 exd5 17. Qc3 Qc6 18. Qd4 Qg6 19. Qh4 Nc6 20. Bf3 Be4 21. Bxe4 Qxe4 22. Qxe4 dxe4 23. Rd7 Rac8 24. e6 Rcd8 25. Rcd1 f6 26. Rxd8 Rxd8 27. Rxd8+ 1-0

[Event "Take 5 2026.01 U1800"]
[Site "Montreal CAN"]
[Date "2026.01.10"]
[Round "3.12"]
[White "Ghani, Sajid"]
[Black "Rebhi, Mohamed"]
[Result "1/2-1/2"]
[WhiteElo "1214"]
[BlackElo "1395"]
[WhiteFideId "-1"]
[BlackFideId "-1"]
[PlyCount "163"]
[GameId "2267348061397058"]
[EventDate "2026.01.09"]
[EventType "swiss"]
[EventRounds "5"]
[EventCountry "CAN"]

1. e4 e5 2. Nf3 Nc6 3. Bb5 d6 4. Bxc6+ bxc6 5. d3 h6 6. Nc3 Nf6 7. Be3 Be7 8. h3 Be6 9. d4 d5 10. Nxe5 Nxe4 11. Nxe4 dxe4 12. Nxc6 Qd7 13. Nxe7 Kxe7 14. Qh5 Rab8 15. Qh4+ Kf8 16. O-O Rxb2 17. Qxe4 Bf5 18. Qa8+ Qc8 19. Qxa7 Rxc2 20. Rfc1 Rxc1+ 21. Rxc1 c6 22. Qc5+ Kg8 23. Qxc6 Kh7 24. Qxc8 Bxc8 25. a4 Be6 26. a5 Ra8 27. Ra1 Ra6 28. g4 Bd5 29. Bf4 Kg6 30. Bc7 Kf6 31. Re1 Rc6 32. Bb6 Re6 33. Bd8+ Kg6 34. Rxe6+ fxe6 35. f4 Kf7 36. Kf2 Ke8 37. Bb6 Ke7 38. Kg3 Kf6 39. Bc7 g6 40. Bd8+ Kf7 41. h4 Bc4 42. Kf2 Ke8 43. Bc7 Kd7 44. Bb6 Kc6 45. Ke3 Kd5 46. h5 gxh5 47. g5 hxg5 48. fxg5 e5 49. g6 Ke6 50. dxe5 Kxe5 51. Bd4+ Ke6 52. g7 Kf7 53. Kf4 Bd5 54. a6 Kg8 55. Kg5 Bf3 56. a7 Kh7 57. Be5 Kg8 58. Kf4 Ba8 59. Kg5 Bf3 60. Kh4 Kf7 61. Kg5 Kg8 62. Kh4 Ba8 63. Kg3 Kf7 64. Kh4 Bf3 65. a8=Q Bxa8 66. Kxh5 Kg8 67. Kh6 Bc6 68. Kg5 Bd7 69. Kf6 Bc6 70. Kg5 Bd5 71. Kg6 Bc4 72. Kg5 Bb3 73. Kh6 Ba4 74. Kg5 Bc2 75. Kh6 Bd3 76. Kg5 Bc4 77. Kh6 Bf7 78. Kg5 Bb3 79. Kh6 Bc2 80. Kg5 Bd3 81. Kh6 Bc2 82. Kg5 1/2-1/2

[Event "Take 5 2026.01 U1800"]
[Site "Montreal CAN"]
[Date "2026.01.10"]
[Round "3.13"]
[White "Harika, Rodolph"]
[Black "Ouageunouni, Chakib"]
[Result "1-0"]
[WhiteElo "1334"]
[BlackElo "1272"]
[WhiteFideId "-1"]
[BlackFideId "-1"]
[PlyCount "147"]
[GameId "2267348061397059"]
[EventDate "2026.01.09"]
[EventType "swiss"]
[EventRounds "5"]
[EventCountry "CAN"]

1. e4 c5 2. Nf3 d6 3. d4 cxd4 4. Nxd4 Nf6 5. Nc3 a6 6. Be2 g6 7. Be3 Bg7 8. Qd2 O-O 9. O-O-O Ng4 10. h3 Nxe3 11. Qxe3 b5 12. f4 Bb7 13. Bf3 Qb6 14. Rhe1 Bh6 15. Qd2 e5 16. Nde2 Rd8 17. g3 a5 18. Qd3 Na6 19. Qxb5 Qe3+ 20. Kb1 Qxf3 21. Qxb7 Nc5 22. Qd5 Rab8 23. fxe5 Rd7 24. exd6 Ne6 25. h4 Qf2 26. e5 Qb6 27. Na4 Qb4 28. b3 Qxa4 29. Nd4 Nxd4 30. Rxd4 Qb5 31. Qe4 Bg7 32. Rc4 Re8 33. a4 Qxe5 34. Qxe5 Bxe5 35. Rc5 f6 36. Rxa5 Rc8 37. Ra6 Bxg3 38. Re4 f5 39. Rd4 f4 40. Rd3 Rf8 41. Rf3 h6 42. c4 g5 43. hxg5 hxg5 44. b4 g4 45. Rf1 Bh2 46. Ra5 Rg7 47. d7 g3 48. Rd5 g2 49. Rfd1 g1=Q 50. d8=Q Qxd1+ 51. Rxd1 Rxd8 52. Rxd8+ Kh7 53. Rf8 Kg6 54. Kc1 Rf7 55. Rxf7 Kxf7 56. a5 f3 57. Kd2 Bb8 58. b5 Ke7 59. c5 Kd7 60. a6 f2 61. Ke2 Kc7 62. b6+ Kc6 63. Kxf2 Be5 64. a7 Kb7 65. c6+ Ka8 66. c7 Bd4+ 67. Kf3 Bxb6 68. c8=Q+ Kxa7 69. Ke4 Bg1 70. Kd5 Kb6 71. Qc6+ Ka7 72. Qb5 Ka8 73. Kc6 Bb6 74. Qa6+ 1-0

[Event "Take 5 2026.01 U1800"]
[Site "Montreal CAN"]
[Date "2026.01.10"]
[Round "3.14"]
[White "Bradley, Dave"]
[Black "Bozkurt, Berk"]
[Result "0-1"]
[WhiteElo "991"]
[BlackElo "1321"]
[WhiteFideId "-1"]
[BlackFideId "-1"]
[PlyCount "70"]
[GameId "2267348061401156"]
[EventDate "2026.01.09"]
[EventType "swiss"]
[EventRounds "5"]
[EventCountry "CAN"]

1. d4 Nf6 2. Nc3 e6 3. Bf4 d5 4. e3 Bb4 5. Bd3 Nbd7 6. Nf3 c5 7. a3 Bxc3+ 8. bxc3 c4 9. Be2 Qa5 10. O-O Qxc3 11. Qd2 Ne4 12. Qxc3 Nxc3 13. Rfe1 b5 14. Bd6 Ne4 15. Bb4 a5 16. Bd2 Nb8 17. c3 Ke7 18. Ra2 Nc6 19. Rb1 Rb8 20. Ne5 Nxe5 21. dxe5 Bd7 22. Be1 Nc5 23. f3 h6 24. e4 dxe4 25. Bf2 Na4 26. Bd4 Bc6 27. Rf1 Rhf8 28. Bd1 Rfd8 29. Bxa4 bxa4 30. Bc5+ Ke8 31. Bd6 Rb3 32. Re1 Rxc3 33. fxe4 Rd7 34. h3 Rb7 35. Kh2 Rbb3 {Time} 0-1

[Event "Take 5 2026.01 U1800"]
[Site "Montreal CAN"]
[Date "2026.01.10"]
[Round "3.15"]
[White "Shayan, Yousef"]
[Black "Coquilla, Konner-Virgo"]
[Result "0-1"]
[WhiteElo "1290"]
[BlackElo "1137"]
[WhiteFideId "-1"]
[BlackFideId "-1"]
[PlyCount "106"]
[GameId "2267348061401157"]
[EventDate "2026.01.09"]
[EventType "swiss"]
[EventRounds "5"]
[EventCountry "CAN"]

1. e4 d5 2. exd5 Nf6 3. d4 Bg4 4. Nf3 Qxd5 5. Be2 Nc6 6. Nc3 Qd7 7. Be3 e6 8. a3 O-O-O 9. h3 Bf5 10. Qd2 h6 11. O-O-O a6 12. Ne5 Qe8 13. Nxc6 Qxc6 14. Bf3 Nd5 15. Nxd5 exd5 16. Rhe1 Qa4 17. Bf4 Bd6 18. Bg3 Bxg3 19. fxg3 Rd6 20. c3 Qb3 21. Bg4 Bxg4 22. hxg4 Rd7 23. Re3 Qb6 24. Rde1 Qg6 25. Qe2 Rdd8 26. Qf3 h5 27. Qf5+ Qxf5 28. gxf5 Rh6 29. Kd2 Rf6 30. Rf3 Kd7 31. Rh1 g6 32. fxg6 Rxf3 33. gxf3 fxg6 34. Ke3 Rf8 35. g4 hxg4 36. fxg4 Ke6 37. Rh2 Rf1 38. Rf2 Rxf2 39. Kxf2 Kf6 40. Kf3 Kg5 41. b3 Kh4 42. Kf4 g5+ 43. Kf5 b5 44. a4 bxa4 45. bxa4 a5 46. Ke6 Kxg4 47. Kxd5 Kf3 48. Kc6 g4 49. d5 g3 50. Kxc7 g2 51. d6 g1=Q 52. d7 Qc5+ 53. Kd8 Ke3 0-1

[Event "Take 5 2026.01 U1800"]
[Site "Montreal CAN"]
[Date "2026.01.10"]
[Round "3.16"]
[White "Gauvin, Mathieu"]
[Black "Gentile, Sergio"]
[Result "1-0"]
[WhiteElo "1363"]
[BlackElo "1179"]
[WhiteFideId "-1"]
[BlackFideId "-1"]
[PlyCount "129"]
[GameId "2267348061405254"]
[EventDate "2026.01.09"]
[EventType "swiss"]
[EventRounds "5"]
[EventCountry "CAN"]

1. e4 e5 2. Nf3 d6 3. d4 f6 4. dxe5 fxe5 5. Bc4 Be7 6. Nc3 c6 7. O-O h6 8. Qe2 Nf6 9. Rd1 b5 10. Bb3 Nbd7 11. Nh4 Nc5 12. Ng6 Nxb3 13. axb3 Rg8 14. Nxe5 Qc7 15. Nf3 b4 16. Na2 a5 17. c4 c5 18. e5 dxe5 19. Nxe5 g5 20. Nd3 Bb7 21. Be3 O-O-O 22. f3 Rge8 23. Qf2 Bd6 24. Kf1 Bxh2 25. Bxc5 Bg3 26. Bb6 Bxf2 27. Bxc7 Kxc7 28. Kxf2 g4 29. Nc5 Rxd1 30. Rxd1 Bc8 31. Nc1 Kc6 32. Na4 gxf3 33. gxf3 Rf8 34. Nd3 Ng4+ 35. Kg3 Ne3 36. Ne5+ Kc7 37. Rh1 Nf5+ 38. Kf2 Be6 39. Nc5 Bc8 40. Ng4 Rh8 41. Ra1 Kb6 42. Ne4 h5 43. Ne3 h4 44. c5+ Kb5 45. Nxf5 h3 46. Nfd6+ Kc6 47. Nxc8 Rxc8 48. Kg3 Kd5 49. Rxa5 Rh8 50. Kh2 Ke5 51. c6+ Kf4 52. Nf6 Rh6 53. Nd5+ Kxf3 54. Nxb4 Kg4 55. Ra1 Rd6 56. Rg1+ Kf3 57. Rg3+ Kf2 58. Rxh3 Rd2 59. Rg3 Kf1+ 60. Kh3 Rd1 61. c7 Kf2 62. c8=Q Rh1+ 63. Kg4 Rd1 64. Qc2+ Ke1 65. Rg1# 1-0

[Event "Take 5 2026.01 U1800"]
[Site "Montreal CAN"]
[Date "2026.01.11"]
[Round "4.10"]
[White "Malek, Ahmadi"]
[Black "Gamache, Lucien"]
[Result "0-1"]
[WhiteElo "1629"]
[BlackElo "1591"]
[WhiteFideId "-1"]
[BlackFideId "-1"]
[PlyCount "86"]
[GameId "2267348061405255"]
[EventDate "2026.01.09"]
[EventType "swiss"]
[EventRounds "5"]
[EventCountry "CAN"]

1. e4 c6 2. d4 d5 3. exd5 cxd5 4. Bd3 Nc6 5. c3 Nf6 6. h3 e6 7. Nf3 Be7 8. O-O O-O 9. Re1 Qc7 10. Ne5 Nxe5 11. dxe5 Nd7 12. Bf4 f6 13. Qh5 f5 14. g4 g6 15. Qh6 Nc5 16. Re3 Nxd3 17. Rxd3 fxg4 18. Rg3 Rf7 19. Rxg4 Bf8 20. Qh4 Bg7 21. Qg3 Bd7 22. Nd2 Bb5 23. Re1 Raf8 24. Nb3 Bd7 25. Nd4 Qc8 26. f3 b5 27. a3 a5 28. Bd2 Qc5 29. b4 axb4 30. axb4 Qb6 31. Kh1 Be8 32. h4 Re7 33. h5 gxh5 34. Rg5 h6 35. Rg6 Bxg6 36. Qxg6 Rff7 37. Bxh6 Qc7 38. Nxb5 Qc4 39. Nd6 Qh4+ 40. Kg2 Qxe1 41. Nxf7 Rxf7 42. Qxe6 Bxh6 43. Qxh6 Rg7+ 0-1

[Event "Take 5 2026.01 U1800"]
[Site "Montreal CAN"]
[Date "2026.01.11"]
[Round "4.11"]
[White "Gauthier, Luc"]
[Black "Coquilla, Konner-Virgo"]
[Result "0-1"]
[WhiteElo "1496"]
[BlackElo "1137"]
[WhiteFideId "-1"]
[BlackFideId "-1"]
[PlyCount "64"]
[GameId "2267348061405256"]
[EventDate "2026.01.09"]
[EventType "swiss"]
[EventRounds "5"]
[EventCountry "CAN"]

1. e4 c6 2. Nc3 d5 3. Nf3 Bg4 4. h3 Bxf3 5. Qxf3 Nf6 6. e5 Nfd7 7. d4 e6 8. Ne2 c5 9. c3 Nc6 10. Qg3 cxd4 11. cxd4 Qb6 12. Nc3 Nxd4 13. Bd3 Nc6 14. O-O g6 15. Re1 Bg7 16. Nxd5 exd5 17. e6 Nde5 18. exf7+ Kxf7 19. Qf4+ Bf6 20. Bc2 Rae8 21. Bb3 Nf3+ 22. Qxf3 Rxe1+ 23. Kh2 Qd8 24. Bxd5+ Kg7 25. Qb3 Qc7+ 26. g3 Be5 27. Bh6+ Kxh6 28. Rxe1 Kg7 29. f4 Bf6 30. Qc4 Rd8 31. b4 Qb6 32. Qe4 Rxd5 0-1

[Event "Take 5 2026.01 U1800"]
[Site "Montreal CAN"]
[Date "2026.01.11"]
[Round "4.12"]
[White "Bozkurt, Berk"]
[Black "Lebon, Guillaume"]
[Result "1-0"]
[WhiteElo "1321"]
[BlackElo "1413"]
[WhiteFideId "-1"]
[BlackFideId "-1"]
[PlyCount "79"]
[GameId "2267348061405257"]
[EventDate "2026.01.09"]
[EventType "swiss"]
[EventRounds "5"]
[EventCountry "CAN"]

1. d4 Nf6 2. c4 g6 3. Nc3 Bg7 4. e4 d6 5. Be2 O-O 6. Be3 Bd7 7. g4 e5 8. d5 c6 9. g5 Ne8 10. h4 f5 11. gxf6 Qxf6 12. Qd2 h5 13. O-O-O b5 14. cxb5 cxb5 15. Bxb5 Bc8 16. Nge2 Bg4 17. Rdg1 Qf7 18. Bxe8 Rxe8 19. Rg3 Bd7 20. Rhg1 Kh7 21. Rxg6 Qxg6 22. Rxg6 Kxg6 23. Ng3 Rf8 24. Qe2 Bg4 25. Qb5 Nd7 26. Qc6 Rac8 27. Qxd6+ Rf6 28. Qa3 a6 29. Bg5 Bf8 30. Qa5 Rb6 31. Be3 Bb4 32. Qa4 Nc5 33. Bxc5 Bxc5 34. Qc2 Rf6 35. Nf5 Bd4 36. f3 Bxf5 37. exf5+ Rxf5 38. Qd3 a5 39. Qa6+ Rf6 40. Qxc8 1-0

[Event "Take 5 2026.01 U1800"]
[Site "Montreal CAN"]
[Date "2026.01.11"]
[Round "4.13"]
[White "Rebhi, Mohamed"]
[Black "Harika, Rodolph"]
[Result "1/2-1/2"]
[WhiteElo "1395"]
[BlackElo "1334"]
[WhiteFideId "-1"]
[BlackFideId "-1"]
[PlyCount "70"]
[GameId "2267348061409354"]
[EventDate "2026.01.09"]
[EventType "swiss"]
[EventRounds "5"]
[EventCountry "CAN"]

1. d4 Nf6 2. Bf4 e6 3. Nc3 d5 4. f3 Bb4 5. Qd3 Nc6 6. a3 Ba5 7. b4 Bb6 8. Na4 Bxd4 9. c3 Be5 10. Qe3 d4 11. Qc1 O-O 12. Bxe5 Nxe5 13. f4 Ng6 14. cxd4 Qxd4 15. e3 Qe4 16. Nc3 Qc6 17. Nf3 Nd5 18. Nxd5 exd5 19. Be2 Qxc1+ 20. Rxc1 c6 21. Kf2 Re8 22. Rhd1 Ne7 23. b5 Bd7 24. a4 Nf5 25. Ne5 Rad8 26. g4 Ne7 27. Nxd7 Rxd7 28. e4 Red8 29. e5 b6 30. e6 Rd6 31. f5 g6 32. Bd3 gxf5 33. gxf5 Nxf5 34. Bxf5 h6 35. Rg1+ Kf8 {...} 1/2-1/2

[Event "Take 5 2026.01 U1800"]
[Site "Montreal CAN"]
[Date "2026.01.11"]
[Round "4.14"]
[White "Ghani, Sajid"]
[Black "Gauvin, Mathieu"]
[Result "0-1"]
[WhiteElo "1214"]
[BlackElo "1363"]
[WhiteFideId "-1"]
[BlackFideId "-1"]
[PlyCount "90"]
[GameId "2267348061409355"]
[EventDate "2026.01.09"]
[EventType "swiss"]
[EventRounds "5"]
[EventCountry "CAN"]

1. e4 e5 2. Nf3 Nc6 3. Bb5 Nf6 4. Nc3 Bc5 5. Bxc6 dxc6 6. d3 h6 7. h3 O-O 8. a3 a6 9. Nxe5 Qd4 10. Qf3 Qxe5 11. Bf4 Qe7 12. O-O-O Bd6 13. e5 Bxe5 14. Rde1 Bxf4+ 15. Qxf4 Qd6 16. Qh4 Nd5 17. Ne4 Qf4+ 18. Qxf4 Nxf4 19. Re3 Nxg2 20. Rg3 Nf4 21. Nf6+ Kh8 22. Rf3 Ne2+ 23. Kd2 Nd4 24. Rf4 Ne6 25. Rf3 gxf6 26. Rxf6 Kg7 27. Rf3 Rg8 28. Rg1+ Kf8 29. Re1 Bd7 30. Re5 Rg5 31. Ree3 Re8 32. Re4 c5 33. c3 Bc6 34. h4 Bxe4 35. dxe4 Rg2 36. Ke3 Rh2 37. Rf6 Rxh4 38. f3 Rh3 39. Kf2 Ng5 40. Kg2 Rxf3 41. Rxh6 Rxe4 42. Rh5 Re2+ 43. Kg1 Rd3 44. Kf1 Rxb2 45. Rxg5 Rd1# 0-1

[Event "Take 5 2026.01 U1800"]
[Site "Montreal CAN"]
[Date "2026.01.11"]
[Round "4.16"]
[White "Gentile, Sergio"]
[Black "Bradley, Dave"]
[Result "1-0"]
[WhiteElo "1179"]
[BlackElo "991"]
[WhiteFideId "-1"]
[BlackFideId "-1"]
[PlyCount "80"]
[GameId "2267348061413453"]
[EventDate "2026.01.09"]
[EventType "swiss"]
[EventRounds "5"]
[EventCountry "CAN"]

1. d4 Nf6 2. Nc3 d5 3. Bg5 c5 4. Bxf6 exf6 5. Nf3 cxd4 6. Qxd4 Nc6 7. Qxd5 Qxd5 8. Nxd5 Bb4+ 9. c3 Bc5 10. Nc7+ Ke7 11. Nxa8 Bb6 12. e3 Be6 13. Bd3 h6 14. O-O Rxa8 15. Nd4 Ne5 16. Be4 Bxd4 17. exd4 Nc4 18. Bxb7 Rb8 19. Ba6 Nd6 20. Rfe1 Kd7 21. b4 Bc4 22. Bxc4 Nxc4 23. Re2 Kd6 24. f4 Rb5 25. a4 Rb7 26. b5 Na5 27. Rb1 Kd5 28. Rbe1 Nc4 29. Re7 Rb6 30. Rxa7 Nb2 31. Ree7 Kc4 32. a5 Rxb5 33. Reb7 Na4 34. Rxb5 Kxb5 35. d5 Nc5 36. d6 f5 37. d7 Nxd7 38. Rxd7 Kxa5 39. Rxf7 Kb5 40. Rxf5+ Kc4 1-0

[Event "Take 5 2026.01 U1800"]
[Site "Montreal CAN"]
[Date "2026.01.11"]
[Round "5.10"]
[White "Bozkurt, Berk"]
[Black "Malek, Ahmadi"]
[Result "0-1"]
[WhiteElo "1321"]
[BlackElo "1629"]
[WhiteFideId "-1"]
[BlackFideId "-1"]
[PlyCount "82"]
[GameId "2267348061413454"]
[EventDate "2026.01.09"]
[EventType "swiss"]
[EventRounds "5"]
[EventCountry "CAN"]

1. d4 c6 2. c4 d5 3. Nf3 Nf6 4. Nc3 Bf5 5. Bg5 e6 6. Qb3 Qc7 7. e3 dxc4 8. Bxc4 Bd6 9. Bxf6 gxf6 10. Nh4 Bg6 11. Nxg6 hxg6 12. Ne4 Ke7 13. h3 Qa5+ 14. Ke2 Qb6 15. Qc3 Bb4 16. Qb3 f5 17. Ng5 Bd6 18. Bxe6 Rh5 19. f4 Qxb3 20. Bxb3 f6 21. Nf3 Na6 22. g4 Rh7 23. gxf5 gxf5 24. Rh2 Rah8 25. h4 c5 26. d5 b5 27. Bc2 Rh5 28. a3 Bb8 29. Rg2 Nc7 30. Rg7+ Kd6 31. e4 fxe4 32. Bxe4 Re8 33. Kd3 Nxd5 34. Bxd5 Rxd5+ 35. Kc2 Re2+ 36. Kb1 Rf2 37. Ng5 fxg5 38. fxg5 Rdd2 39. a4 b4 40. g6 b3 41. Kc1 Rc2+ 0-1